The secret agent: a simple tale
Novela de ficción que gira entorno a la vida de Mr. Verloc y su trabajo de espía, en donde se ve involucrada en un evento terrorista y su eventual dilema sobre ello. Contiene temas políticos, anarquismo y terrorismo en la época de 1886.
Tallennettuna:
| Päätekijä: | |
|---|---|
| Aineistotyyppi: | Kirja |
| Kieli: | Undetermined |
| Julkaistu: |
New York, Estados Unidos
Doubleday Anchor Books
1953
|
| Aiheet: | |
| Linkit: | Acceso al texto completo |
| Tagit: |
Lisää tagi
Ei tageja, Lisää ensimmäinen tagi!
|
MARC
| LEADER | 00000nam a2200000Ia 4500 | ||
|---|---|---|---|
| 008 | 170316s9999 xx 000 0 und d | ||
| 040 | |a cru BVZT | ||
| 090 | |a 820 C-12se | ||
| 100 | |a Conrad, Joseph | ||
| 245 | 4 | |a The secret agent: a simple tale | |
| 260 | |a New York, Estados Unidos | ||
| 260 | |b Doubleday Anchor Books | ||
| 260 | |c 1953 | ||
| 300 | |a 253 páginas | ||
| 520 | |a Novela de ficción que gira entorno a la vida de Mr. Verloc y su trabajo de espía, en donde se ve involucrada en un evento terrorista y su eventual dilema sobre ello. Contiene temas políticos, anarquismo y terrorismo en la época de 1886. | ||
| 650 | |a LITERATURA INGLESA |9 12 | ||
| 856 | |u http://www.gutenberg.org/files/974/974-h/974-h.htm |y Acceso al texto completo |z (Documento digital difiere en año (1907) y editorial (Methuen & Co.) del archivo localizado en físico en la biblioteca) | ||
| 999 | |c 6696 |d 6696 | ||
| 942 | |c 15 D |h 820 C-12se |2 z | ||
